000 00679nam a2200205Ii 4500
003 JO-AjNU
008 230605s9999||||xx |||||||||||||| ||und||
017 _a1970/2775
040 _aJO-AjNU
_bara
_erda
_cJO-AjNU
041 _aara
050 1 4 _aBP173.6.H3722 1999
100 3 _aحسن،حسن ابراهيم ؛ م.مشارك: علي ابراهيم حسن ,
_eauthor
_96929
245 0 0 _aالنظم الإسلامية
264 3 1 _aالقاهرة: مكتبة النهضة المصرية، 1999
300 _a328ص
336 _atext
_btxt
_2rdacontent
337 _aunmediated
_bn
_2rdamedia
338 _avolume
_bnc
_2rdacarrier
650 4 _aالنظم الاسلامية
_96930
999 _aA21
_c3589
_d3589